Common Words By Part of Speech Quiz Stats

Quiz Updated Jan 11, 2012

Also try: Parts of Speech
Challenge
Share
Tweet
Embed
Score 0/70 Timer 06:00
3 Plays Today
Part of speech Word % Correct
PronounsI
96.3%
Articles/possessive pronounsa
95.1%
Articles/possessive pronounsthe
94.7%
Pronounshe
91.8%
Verbsbe
90.1%
Pronounsshe
87.9%
Pronounsyou
84.5%
Pronounswe
83.3%
Conjunctionsand
79.6%
Pronounsthey
79%
Articles/possessive pronounsher
78.1%
Pronounsit
77.7%
Verbsgo
73.6%
Verbsdo
71.1%
Articles/possessive pronounshis
69.2%
Pronounsme
69.1%
Prepositionsin
68%
Prepositionsto
66.5%
Prepositionson
65.7%
Articles/possessive pronounstheir
65.6%
Conjunctionsbut
65.3%
Articles/possessive pronounsour
62.8%
Articles/possessive pronounsmy
60.7%
Articles/possessive pronounsyour
58.9%
Pronounsthem
58.7%
Prepositionsof
56.5%
Prepositionsfor
54.8%
Articles/possessive pronounsno
54.2%
Conjunctionsor
53.1%
Verbshave
51.3%
Conjunctionsif
43.6%
Verbscan
42.8%
Prepositionsat
42.7%
Adjectivesbig
39.7%
Nounsman
38.1%
Part of speech Word % Correct
Prepositionsby
38%
Conjunctionsthat
37.7%
Prepositionsfrom
37.3%
Conjunctionswhen
36.8%
Adjectivessmall
36.8%
Adjectivesgood
36.5%
Prepositionswith
35.8%
Nounswoman
34.9%
Articles/possessive pronounsits
34.5%
Conjunctionsas
33%
Conjunctionsbecause
31.5%
Pronounswho
31%
Verbssay
30.8%
Nounspeople
29.2%
Nounsthing
21.5%
Verbsmake
20.8%
Verbsget
20.5%
Nounsday
18.3%
Verbswould
17.3%
Nounstime
15.9%
Conjunctionsthan
15.3%
Nounschild
15.2%
Adjectivesold
15%
Verbsknow
13.7%
Adjectivesgreat
13.5%
Prepositionsabout
13.4%
Adjectivesnew
12.9%
Adjectiveslarge
12.1%
Nounsyear
9.1%
Nounslife
7.1%
Adjectiveshigh
7%
Conjunctionswhile
6.9%
Nounsway
6.2%
Adjectivesother
6.1%
Adjectivesnational
2%

You're not logged in!

Compare scores with friends on all Sporcle quizzes.
Sign Up with Email
OR
Log In

You Might Also Like...

Show Comments

Extras

Top Quizzes Today


Score Distribution

Your Account Isn't Verified!

In order to create a playlist on Sporcle, you need to verify the email address you used during registration. Go to your Sporcle Settings to finish the process.